| 000 | 01271cam a22003135a 4500 | ||
|---|---|---|---|
| 999 |
_c16310 _d16310 |
||
| 003 | EG-ScBUE | ||
| 005 | 20200823145655.0 | ||
| 006 | m||||fq||h 00| 0 | ||
| 008 | 111212s2010 enka f d 000 0 eng d | ||
| 020 | _a9780230401969 | ||
| 040 |
_aEG-ScBUE _beng _erda _cEG-ScBUE _dEG-ScBUE |
||
| 082 | 0 | 4 |
_a423 _bMAC _222 |
| 245 | 0 | 0 |
_aMacmillan study dictionary / _c[editor-in-chief, Michael Rundell]. |
| 246 | 3 | 0 | _aStudy dictionary |
| 264 | 1 |
_aOxford : _bMacmillan Education, _c2010. |
|
| 300 |
_a1 volume (various pagings) : _billustrations ; _c24 cm + _e1 CD |
||
| 336 |
_2rdacontent _atext _btxt |
||
| 336 |
_2rdacontent _asounds _bsnd |
||
| 337 |
_2rdamedia _aunmediated _bn |
||
| 337 |
_2rdamedia _aaudio _bs |
||
| 338 |
_2rdacarrier _avolume _bnc |
||
| 338 |
_2rdacarrier _acomputer disc _bcd |
||
| 520 | _aThe two-colour Macmillan Study Dictionary is packed with curriculum words, suitable for upper secondary/university students who study their curriculum subjects in English. It contains over 100,000 words, meanings and phrases. | ||
| 650 | 7 |
_aEnglish language _vDictionaries. _2BUEsh _913761 |
|
| 653 |
_bHHUUEENN _cDecember2011 _cAugust2018 _cJuly2019 |
||
| 655 |
_vReading book _934232 |
||
| 700 | 1 |
_aRundell, Michael, _eeditor. _928069 |
|
| 942 |
_2ddc _cREFERENCE |
||